[Event "ROM-ch U12"]
[Site "Baile Felix"]
[Date "2017.02.05"]
[Round "5"]
[White "Lup, Cosmin Roland"]
[Black "Ancuta, Aris Mario"]
[Result "1/2-1/2"]
[WhiteElo "1220"]
[BlackElo "1306"]
[PlyCount "86"]
[EventDate "2017.02.02"]
[EventType "swiss"]
[EventRounds "9"]
[EventCountry "ROU"]
[SourceTitle "CBM 176 Extra"]
[Source "ChessBase"]
[SourceDate "2017.03.02"]
[SourceVersion "1"]
[SourceVersionDate "2017.03.02"]
[SourceQuality "1"]

1. d4 d5 2. c4 c6 3. Nc3 Nf6 4. Nf3 e6 5. Bg5 Be7 6. Bxf6 Bxf6 7. e3 b6 8. Be2 Bb7 9. 0-0 Nd7 10. Qc2 Be7 11. Bd3 Nf6 12. Rac1 Ba6 13. cxd5 Bxd3 14. Qxd3 cxd5 15. Qb5+ Qd7 16. Ne5 Qxb5 17. Nxb5 0-0 18. Rc2 a6 19. Nc3 Rac8 20. Rfc1 b5 21. Ne2 Rxc2 22. Rxc2 Bd6 23. Nd3 Rd8 24. Rc1 Rd7 25. Nc5 Bxc5 26. Rxc5 h6 27. h3 Ne4 28. Rc2 Kf8 29. Nc3 Rc7 30. f3 Nxc3 31. Rxc3 Rxc3 32. bxc3 Ke7 33. Kf2 Kd6 34. Ke2 e5 35. Kd2 a5 36. a3 f6 37. Kc2 a4 38. Kd3 Ke6 39. e4 Kd6 40. g3 g6 41. f4 Ke6 42. g4 g5 43. f5+ Kd6 1/2-1/2

[Event "ROM-ch U12"]
[Site "Baile Felix"]
[Date "2017.02.04"]
[Round "3"]
[White "Lup, Cosmin Roland"]
[Black "Pirvu, Christian"]
[Result "0-1"]
[WhiteElo "1220"]
[BlackElo "1507"]
[PlyCount "66"]
[EventDate "2017.02.02"]
[EventType "swiss"]
[EventRounds "9"]
[EventCountry "ROU"]
[SourceTitle "CBM 176 Extra"]
[Source "ChessBase"]
[SourceDate "2017.03.02"]
[SourceVersion "1"]
[SourceVersionDate "2017.03.02"]
[SourceQuality "1"]

1. d4 d5 2. c4 c6 3. Nc3 Nf6 4. Nf3 Bf5 5. Bf4 e6 6. e3 Be7 7. Bd3 Bxd3 8. Qxd3 0-0 9. 0-0 Nbd7 10. Rab1 h6 11. h3 Re8 12. b4 dxc4 13. Qxc4 Nb6 14. Qd3 Nbd5 15. Nxd5 Nxd5 16. Bg3 Nxb4 17. Qb3 b6 18. Rbc1 Qd5 19. Qxd5 cxd5 20. a4 Rac8 21. Rfd1 Na2 22. Ra1 Nc3 23. Rd2 Ne4 24. Rdd1 Bb4 25. Bh2 Rc2 26. Rf1 Rec8 27. Rab1 Ba5 28. Rbd1 f6 29. Ra1 R2c4 30. Rfb1 Nc3 31. Rf1 Nxa4 32. g4 Nc3 33. Kg2 Ne4 0-1

[Event "ROM-ch U12"]
[Site "Baile Felix"]
[Date "2017.02.03"]
[Round "2"]
[White "Plesca, Victor"]
[Black "Lup, Cosmin Roland"]
[Result "0-1"]
[WhiteElo "1001"]
[BlackElo "1220"]
[PlyCount "84"]
[EventDate "2017.02.02"]
[EventType "swiss"]
[EventRounds "9"]
[EventCountry "ROU"]
[SourceTitle "CBM 176 Extra"]
[Source "ChessBase"]
[SourceDate "2017.03.02"]
[SourceVersion "1"]
[SourceVersionDate "2017.03.02"]
[SourceQuality "1"]

1. e4 c5 2. Nf3 Nc6 3. Nc3 g6 4. d3 Bg7 5. g3 Nf6 6. Bg2 0-0 7. Be3 d6 8. 0-0 Bg4 9. Qd2 Bxf3 10. Bxf3 Qd7 11. Nd5 Nxd5 12. exd5 Ne5 13. Bg2 Rab8 14. f4 Ng4 15. h3 Nxe3 16. Qxe3 Bd4 17. Rfe1 Bxe3+ 18. Rxe3 Rfe8 19. Be4 Qb5 20. b3 Qd7 21. Kh2 a5 22. a4 Ra8 23. c4 Qc7 24. Rf3 f5 25. Bxf5 gxf5 26. g4 fxg4 27. Rg3 h5 28. hxg4 hxg4 29. Rxg4+ Kf7 30. Rag1 Rh8+ 31. Kg2 Rag8 32. Kf3 Rh3+ 33. Kf2 Rxg4 34. Rxg4 Qd7 35. Rg2 Rxd3 36. Rh2 Rh3 37. Rg2 Rxb3 38. Rh2 Rb2+ 39. Kg1 Qg4+ 40. Kh1 Rxh2+ 41. Kxh2 Qxf4+ 42. Kh3 Qxc4 0-1

[Event "ROM-ch U10"]
[Site "Calimanesti Caciulata"]
[Date "2016.04.19"]
[Round "2"]
[White "Lup, Cosmin Roland"]
[Black "Gombas, Sandor"]
[Result "1-0"]
[WhiteElo "1342"]
[BlackElo "1019"]
[PlyCount "41"]
[EventDate "2016.04.18"]
[EventType "swiss"]
[EventRounds "9"]
[EventCountry "ROU"]
[SourceTitle "CBM 172 Extra"]
[Source "ChessBase"]
[SourceDate "2016.06.21"]
[SourceVersion "1"]
[SourceVersionDate "2016.06.21"]
[SourceQuality "1"]

1. d4 Nf6 2. c4 c5 3. Nf3 e6 4. Nc3 d5 5. Bf4 Nc6 6. e3 Bd7 7. Bd3 Nb4 8. 0-0 Nxd3 9. Qxd3 Be7 10. Rab1 Qb6 11. Ne5 0-0 12. Bg5 Rfd8 13. dxc5 Bxc5 14. Bxf6 gxf6 15. Nxd7 Rxd7 16. cxd5 exd5 17. Nxd5 Rad8 18. Nxf6+ Kf8 19. Nxd7+ Ke7 20. Qf5 Rxd7 21. Qe5+ 1-0

[Event "ROM-ch U10"]
[Site "Calimanesti"]
[Date "2015.04.03"]
[Round "6"]
[White "Lup, Cosmin Roland"]
[Black "Marcu, Tudor Alexandru"]
[Result "1/2-1/2"]
[WhiteElo "1078"]
[BlackElo "1119"]
[PlyCount "53"]
[EventDate "2015.03.30"]
[EventType "swiss"]
[EventRounds "9"]
[EventCountry "ROU"]
[SourceTitle "CBM 165 Extra"]
[Source "ChessBase"]
[SourceDate "2015.04.21"]
[SourceVersion "1"]
[SourceVersionDate "2015.04.21"]
[SourceQuality "1"]

1. d4 d5 2. c4 e6 3. Nc3 Nf6 4. Bg5 Be7 5. Nf3 Nc6 6. e3 0-0 7. Bd3 Bb4 8. 0-0 h6 9. Bh4 Re8 10. Bg3 Bd6 11. Bh4 Be7 12. c5 b6 13. cxb6 cxb6 14. Bb5 Bd7 15. Bxc6 Bxc6 16. Ne5 Rc8 17. Qe2 Bb7 18. Rac1 Bb4 19. Qd3 Bxc3 20. Rxc3 Rxc3 21. Qxc3 Qc8 22. Rc1 Ne4 23. Qxc8 Rxc8 24. Rxc8+ Bxc8 25. Kf1 f6 26. Nc6 g5 27. Bg3 1/2-1/2

[Event "ROM-ch U10"]
[Site "Calimanesti"]
[Date "2015.04.02"]
[Round "5"]
[White "Lup, Cosmin Roland"]
[Black "Costin, Alexandru"]
[Result "0-1"]
[WhiteElo "1078"]
[BlackElo "1496"]
[PlyCount "52"]
[EventDate "2015.03.30"]
[EventType "swiss"]
[EventRounds "9"]
[EventCountry "ROU"]
[SourceTitle "CBM 165 Extra"]
[Source "ChessBase"]
[SourceDate "2015.04.21"]
[SourceVersion "1"]
[SourceVersionDate "2015.04.21"]
[SourceQuality "1"]

1. d4 Nf6 2. c4 c5 3. d5 d6 4. Nc3 e6 5. Bg5 Be7 6. e4 exd5 7. exd5 Nxd5 8. Bd2 Nxc3 9. Bxc3 0-0 10. Nf3 Bg4 11. g3 Re8 12. Be2 Bf6 13. 0-0 Bxc3 14. bxc3 Nc6 15. Kg2 Qd7 16. Re1 Bh3+ 17. Kg1 Re7 18. Rb1 Rae8 19. Rb2 Qf5 20. Nh4 Qe4 21. Rb1 g5 22. Nf3 Ne5 23. Kh1 Nxf3 24. Bxf3 Qxe1+ 25. Qxe1 Rxe1+ 26. Rxe1 Rxe1# 0-1

[Event "ROM-ch U10"]
[Site "Calimanesti"]
[Date "2015.04.02"]
[Round "4"]
[White "Musca, Paul Constantin Cal"]
[Black "Lup, Cosmin Roland"]
[Result "1/2-1/2"]
[WhiteElo "1251"]
[BlackElo "1078"]
[PlyCount "101"]
[EventDate "2015.03.30"]
[EventType "swiss"]
[EventRounds "9"]
[EventCountry "ROU"]
[SourceTitle "CBM 165 Extra"]
[Source "ChessBase"]
[SourceDate "2015.04.21"]
[SourceVersion "1"]
[SourceVersionDate "2015.04.21"]
[SourceQuality "1"]

1. e4 c5 2. Nf3 Nc6 3. d4 cxd4 4. Nxd4 g6 5. Nxc6 bxc6 6. g3 Bg7 7. Bg2 Nf6 8. Nc3 0-0 9. 0-0 Qa5 10. Bd2 Ba6 11. Re1 Qb6 12. b3 e6 13. Rb1 d5 14. exd5 cxd5 15. Be3 Qc7 16. Ne2 Rfc8 17. Rc1 Qa5 18. a4 Rd8 19. Bd4 Rac8 20. Bxa7 Bxe2 21. Qxe2 Qxa7 22. Red1 Rd6 23. c4 Qa6 24. Bf1 dxc4 25. Rxd6 Qxd6 26. Rxc4 Rxc4 27. Qxc4 Qd5 28. Qc7 Qxb3 29. Qd8+ Bf8 30. Qxf6 Qxa4 31. Qc3 Bg7 32. Qc8+ Bf8 33. Qc3 Qd7 34. Qd3 Qxd3 35. Bxd3 Kg7 36. Kf1 Kf6 37. Ke2 h5 38. h4 e5 39. f3 Bd6 40. Bc4 e4 41. g4 hxg4 42. fxg4 Kg7 43. Bd5 Be7 44. g5 Bxg5 45. hxg5 f5 46. gxf6+ Kxf6 47. Bxe4 g5 48. Kf3 Kg7 49. Kg4 Kh6 50. Bh7 Kxh7 51. Kxg5 1/2-1/2

[Event "ROM-ch U10"]
[Site "Calimanesti"]
[Date "2015.04.01"]
[Round "3"]
[White "Ionescu, Luca"]
[Black "Lup, Cosmin Roland"]
[Result "0-1"]
[WhiteElo "1001"]
[BlackElo "1078"]
[PlyCount "34"]
[EventDate "2015.03.30"]
[EventType "swiss"]
[EventRounds "9"]
[EventCountry "ROU"]
[SourceTitle "CBM 165 Extra"]
[Source "ChessBase"]
[SourceDate "2015.04.21"]
[SourceVersion "1"]
[SourceVersionDate "2015.04.21"]
[SourceQuality "1"]

1. e4 c5 2. Nf3 Nc6 3. Nc3 g6 4. Bb5 Bg7 5. 0-0 Nf6 6. d4 cxd4 7. Nxd4 0-0 8. Nxc6 bxc6 9. Bc4 Qa5 10. e5 Qxe5 11. Re1 Qc5 12. b3 d5 13. Bf1 Ng4 14. Qe2 Bxc3 15. Qxe7 Qxf2+ 16. Kh1 Bxe1 17. h3 Qxf1# 0-1

[Event "ROM-ch U10"]
[Site "Calimanesti"]
[Date "2015.03.30"]
[Round "1"]
[White "Lup, Cosmin Roland"]
[Black "Dobrescu, Cezar Constantin"]
[Result "0-1"]
[WhiteElo "1078"]
[BlackElo "1392"]
[PlyCount "120"]
[EventDate "2015.03.30"]
[EventType "swiss"]
[EventRounds "9"]
[EventCountry "ROU"]
[SourceTitle "CBM 165 Extra"]
[Source "ChessBase"]
[SourceDate "2015.04.21"]
[SourceVersion "1"]
[SourceVersionDate "2015.04.21"]
[SourceQuality "1"]

1. d4 d5 2. c4 e6 3. Nc3 Nf6 4. Bf4 Bb4 5. e3 Ne4 6. Qc2 Nd7 7. Bd3 Ndf6 8. Nf3 Bd7 9. 0-0 0-0 10. c5 Bxc3 11. bxc3 b6 12. cxb6 axb6 13. Be5 c5 14. Bxf6 Nxf6 15. Ng5 h6 16. Nf3 c4 17. Be2 Ne4 18. Ne5 b5 19. a3 Be8 20. Bf3 f6 21. Bxe4 dxe4 22. Qxe4 fxe5 23. Qxe5 Rf6 24. f4 Bc6 25. e4 Qf8 26. d5 Qc5+ 27. Kh1 exd5 28. exd5 Qxd5 29. Qxd5+ Bxd5 30. Kg1 Raf8 31. g3 Re6 32. Ra2 Rfe8 33. Rff2 Re1+ 34. Rf1 Rxf1+ 35. Kxf1 Re3 36. Re2 Rxc3 37. Ra2 Be4 38. Ke2 Rc2+ 39. Rxc2 Bxc2 40. Kd2 Bf5 41. Kc3 Kf7 42. Kd4 Bd3 43. Ke3 Ke6 44. Kd4 Kf5 45. Ke3 Kg4 46. Kf2 c3 47. Ke1 c2 48. Kd2 Kh3 49. Kc1 Kxh2 50. g4 Kg3 51. g5 Kxf4 52. gxh6 gxh6 53. Kb2 Ke3 54. Kc1 h5 55. a4 bxa4 56. Kb2 Kd2 57. Ka3 c1Q+ 58. Kxa4 Qb2 59. Ka5 Kc3 60. Ka4 Qb4# 0-1

[Event "ROM-ch U08"]
[Site "Calimanesti"]
[Date "2014.04.06"]
[Round "1"]
[White "Vezentan, Tudor"]
[Black "Lup, Cosmin Roland"]
[Result "0-1"]
[WhiteElo "1001"]
[BlackElo "1063"]
[PlyCount "51"]
[EventDate "2014.04.06"]
[EventType "swiss"]
[EventRounds "9"]
[EventCountry "ROU"]
[SourceTitle "CBM 160 Extra"]
[Source "ChessBase"]
[SourceDate "2014.07.01"]
[SourceVersion "1"]
[SourceVersionDate "2014.07.01"]
[SourceQuality "1"]

1. e4 e5 2. Nf3 Nc6 3. Nc3 Nf6 4. d4 exd4 5. Nxd4 Bb4 6. Nxc6 bxc6 7. e5 Qe7 8. f4 Ne4 9. a3 Bxc3+ 10. bxc3 Nxc3 11. Qd4 Nb5 12. Qd3 0-0 13. Qe4 d5 14. Qf3 Nd4 15. Qf2 Qc5 16. Ra2 Bf5 17. c3 Qxc3+ 18. Bd2 Nc2+ 19. Kd1 Qb3 20. Rxc2 Qxc2+ 21. Ke2 Qd3+ 22. Ke1 Qb1+ 23. Ke2 Bd3+ 24. Ke3 Qb6+ 25. Kxd3 Qxf2 26. Be2 0-1